Normal view MARC view

Entry Personal Name

Number of records used in: 1

001 - CONTROL NUMBER

  • control field: 53564

003 - CONTROL NUMBER IDENTIFIER

  • control field: OSt

005 - DATE AND TIME OF LATEST TRANSACTION

  • control field: 20250521120734.0

008 - FIXED-LENGTH DATA ELEMENTS

  • fixed length control field: 250521|| aca||aabn | a|a d

040 ## - CATALOGING SOURCE

  • Original cataloging agency: OSt
  • Transcribing agency: OSt

100 ## - HEADING--PERSONAL NAME

  • Personal name: Merrick, Weston, Bernardy, Pete and Carter, Patrick

670 ## - SOURCE DATA FOUND

  • Source citation: Work cat.: (OSt)526597: Merrick, Weston, Bernardy, Pete and Carter, Patrick , Invisible and indispensable: Using the lowly request for proposals to advance public value: Submission to par for practically speaking

Powered by Koha